|
|
|
|
| LEADER |
00000cam a2200000 c 4500 |
| 001 |
1623266971 |
| 003 |
DE-627 |
| 005 |
20251225202657.0 |
| 007 |
tu |
| 008 |
091103s2009 xxu||||| 00| ||eng c |
| 010 |
|
|
|a 2009017958
|
| 020 |
|
|
|a 9781433105432
|c clothbound : alk. paper
|9 978-1-4331-0543-2
|
| 035 |
|
|
|a (DE-627)1623266971
|
| 035 |
|
|
|a (DE-576)31261764X
|
| 035 |
|
|
|a (DE-599)BSZ31261764X
|
| 035 |
|
|
|a (OCoLC)320696575
|
| 035 |
|
|
|a (OCoLC)492223709
|
| 040 |
|
|
|a DE-627
|b ger
|c DE-627
|e rakwb
|
| 041 |
|
|
|a eng
|
| 044 |
|
|
|c XD-US
|c XA-CH
|c XA-DE
|
| 050 |
|
0 |
|a BX1795.C67
|
| 082 |
0 |
|
|a 262.52088282
|
| 082 |
0 |
|
|a 261.52088282
|
| 082 |
0 |
|
|a 262.5/2088282
|q LOC
|2 22
|
| 082 |
0 |
4 |
|a 230
|a 300
|
| 084 |
|
|
|a 1
|2 ssgn
|
| 084 |
|
|
|a BL 9640
|q BVB
|2 rvk
|0 (DE-625)rvk/12397:
|
| 100 |
1 |
|
|0 (DE-588)139659021
|0 (DE-627)703419196
|0 (DE-576)256492603
|4 aut
|a Kappeler, Warren
|d 1973-
|
| 109 |
|
|
|a Kappeler, Warren 1973-
|a Kappeler, Warren A. 1973-
|a Kappeler, Warren Anthony 1973-
|
| 245 |
1 |
0 |
|a Communication habits for the pilgrim church
|b Vatican teaching on media and society
|c Warren A. Kappeler III.
|
| 264 |
|
1 |
|a New York, NY
|a Bern
|a Frankfurt a.M.
|a Berlin
|a Vienna [u.a.]
|b Lang
|c c 2009
|
| 300 |
|
|
|a XVII, 246 S.
|
| 336 |
|
|
|a Text
|b txt
|2 rdacontent
|
| 337 |
|
|
|a ohne Hilfsmittel zu benutzen
|b n
|2 rdamedia
|
| 338 |
|
|
|a Band
|b nc
|2 rdacarrier
|
| 490 |
1 |
|
|a American unversity studies
|a 7
|v 287
|
| 500 |
|
|
|a Includes bibliographical references
|
| 583 |
1 |
|
|a Archivierung prüfen
|c 20200919
|f DE-640
|z 2
|2 pdager
|
| 583 |
1 |
|
|a Archivierung/Langzeitarchivierung gewährleistet
|f SSG
|x XA-DE-BW
|2 pdager
|5 DE-21
|
| 601 |
|
|
|a communicare
|
| 610 |
2 |
0 |
|a Catholic Church / Pontificium Consilium de Communicationibus Socialibus
|
| 610 |
2 |
0 |
|a Catholic Church
|x Doctrines
|
| 610 |
2 |
0 |
|a Vatican Council
|
| 610 |
1 |
0 |
|a Catholic Church
|b Pontificium Consilium de Communicationibus Socialibus
|
| 610 |
1 |
0 |
|a Catholic Church
|x Doctrines
|
| 611 |
2 |
0 |
|a Vatican Council
|n (2nd
|d 1962-1965
|c Basilica di San Pietro in Vaticano)
|t Decretum de instrumentis communicationis socialis
|
| 650 |
|
0 |
|a Communication
|x Religious aspects
|x Catholic Church
|
| 650 |
|
0 |
|a Mass Media
|x Religious aspects
|x Catholic Church
|
| 650 |
|
0 |
|a Communication
|x Religious aspects
|x Catholic Church
|
| 650 |
|
0 |
|a Church and mass media
|
| 650 |
|
0 |
|a Mass Media
|x Religious aspects
|x Catholic Church
|
| 689 |
0 |
0 |
|d s
|0 (DE-588)4114011-4
|0 (DE-627)10429762X
|0 (DE-576)209481188
|2 gnd
|a Informationsgesellschaft
|
| 689 |
0 |
1 |
|d s
|0 (DE-588)4031883-7
|0 (DE-627)10454869X
|0 (DE-576)208994653
|2 gnd
|a Kommunikation
|
| 689 |
0 |
2 |
|d s
|0 (DE-588)4037877-9
|0 (DE-627)106235079
|0 (DE-576)209027029
|2 gnd
|a Massenmedien
|
| 689 |
0 |
3 |
|d s
|0 (DE-588)4073315-4
|0 (DE-627)106092650
|0 (DE-576)209190140
|2 gnd
|a Katholische Soziallehre
|
| 689 |
0 |
4 |
|q z
|2 gnd
|a Geschichte
|
| 689 |
0 |
|
|5 DE-101
|
| 689 |
1 |
0 |
|d u
|0 (DE-588)4763963-5
|0 (DE-627)377451150
|0 (DE-576)215739310
|a Vatikanisches Konzil
|2 gnd
|n 2.
|d 1962-1965
|c Vatikanstadt
|t Inter mirifica
|
| 689 |
1 |
|
|5 DE-101
|
| 689 |
2 |
0 |
|d b
|0 (DE-588)4797246-4
|0 (DE-627)397669240
|0 (DE-576)216461634
|2 gnd
|a Päpstlicher Rat für die Sozialen Kommunikationsmittel
|
| 689 |
2 |
1 |
|q z
|2 gnd
|a Geschichte
|
| 689 |
2 |
|
|5 DE-101
|
| 830 |
|
0 |
|a American university studies / 7
|v 287
|9 287
|w (DE-627)129642096
|w (DE-576)01209630X
|w (DE-600)252446-6
|x 0740-0446
|7 am
|
| 856 |
4 |
2 |
|u http://d-nb.info/99458962X/04
|m B:DE-101
|q application/pdf
|v 20130501
|x Verlag
|3 Inhaltsverzeichnis
|7 1
|
| 889 |
|
|
|w (DE-627)599671424
|
| 935 |
|
|
|a mteo
|
| 935 |
|
|
|i mdedup
|
| 936 |
r |
v |
|a BL 9640
|b Allgemeines, Kommunikation, Öffentlichkeit
|k Theologie und Religionswissenschaften
|k Christliche Gesellschaftslehre
|k Gesellschaftsformende, kulturelle Faktoren
|k Allgemeines, Kommunikation, Öffentlichkeit
|0 (DE-627)1270730223
|0 (DE-625)rvk/12397:
|0 (DE-576)200730223
|
| 951 |
|
|
|a BO
|
| ELC |
|
|
|b 1
|
| ITA |
|
|
|a 1
|t 1
|
| LOK |
|
|
|0 000 xxxxxcx a22 zn 4500
|
| LOK |
|
|
|0 001 3250006327
|
| LOK |
|
|
|0 003 DE-627
|
| LOK |
|
|
|0 004 1623266971
|
| LOK |
|
|
|0 005 20091109090602
|
| LOK |
|
|
|0 008 091103||||||||||||||||ger|||||||
|
| LOK |
|
|
|0 040
|a DE-21
|c DE-627
|d DE-21
|
| LOK |
|
|
|0 852
|a DE-21
|
| LOK |
|
|
|0 852 1
|c 49 A 9484
|9 00
|
| LOK |
|
|
|0 935
|a theo
|
| LOK |
|
|
|0 936ln
|a t10
|
| LOK |
|
|
|0 938
|a 0911
|f 2
|
| LOK |
|
|
|0 939
|a 03-11-09
|b l01
|
| ORI |
|
|
|a SA-MARC-ixtheoa001.raw
|
| REF |
|
|
|a Konziliengeschichte
|
| REL |
|
|
|a 1
|
| STA |
0 |
0 |
|a Catholic social teaching,Social ethics,Christian social ethics,Communication,Communication,Communication process,Information process,Communication in art,History,History,History in art,Information society,Mass media,Mass media
|
| STB |
0 |
0 |
|a Communication,Communication,Doctrine sociale catholique,Histoire,Histoire,Histoire,Médias,Médias de masse,Médias de masse,Médias,Société numérique
|
| STC |
0 |
0 |
|a Comunicación,Comunicación,Doctrina social católica,Historia,Historia,Historia,Medios de comunicación de masa,Sociedad de comunicación
|
| STD |
0 |
0 |
|a Comunicazione,Comunicazione,Dottrina sociale cattolica,Mass media,Mezzi di comunicazione di massa,Mezzi di comunicazione di massa,Società dell'informazione,Storia,Storia
|
| STE |
0 |
0 |
|a 信息社会,历史,史,大众传媒,大众媒体,天主教社会训导,联系,通信,沟通
|
| STF |
0 |
0 |
|a 信息社會,大眾傳媒,大眾媒體,天主教社會訓導,歷史,史,聯繫,通信,溝通
|
| STG |
0 |
0 |
|a Comunicação,Comunicação,Doutrina social católica,História,História,Meios de comunicação de massa,Sociedade de comunicação
|
| STH |
0 |
0 |
|a Информационное общество,История (мотив),История,Католическое социальное учение,Общение (мотив),Общение,Средства массовой информации
|
| STI |
0 |
0 |
|a Επικοινωνία (μοτίβο),Επικοινωνία,Ιστορία (μοτίβο),Ιστορία,Καθολική κοινωνική διδασκαλία,Κοινωνία της πληροφορίας,Μέσα Μαζικής Ενημέρωσης,ΜΜΕ,Μέσα Μαζικής Επικοινωνίας
|
| SUB |
|
|
|a REL
|
| SYG |
0 |
0 |
|a Kommunikationsgesellschaft,Wissensgesellschaft,Mediengesellschaft,Gesellschaft - Informationsgesellschaft,Wissensgesellschaft,Kommunikationsgesellschaft,Wissensgesellschaft,Mediengesellschaft,Global Village,Globales Dorf , Kommunikationsprozess,Informationsprozess , Kommunikation - Massenmedien,Massenkommunikationsmittel,Massenkommunikationsmittel,Massenmedium , Katholische Gesellschaftslehre,Katholizismus , History,Geschichtliche Epoche,Historical development,Historische Entwicklung,Landesgeschichte,Regionalgeschichte,Ortsgeschichte,Zeitgeschichte , Vatikanisches Konzil,2.,1962-1965,Vatikanstadt,Dekret über die sozialen Kommunikationsmittel,Vatikanisches Konzil,2.,1962-1965,Vatikanstadt,Decretum de instrumentis communicationis socialis,Vatikanisches Konzil,2.,1962-1965,Vatikanstadt,Dekret 'Inter Mirifica' über die soziale Kommunikationsmittel,Vatikanisches Konzil,2.,1962-1965,Vatikanstadt,Dekret über die soziale Kommunikationsmittel,Vatikanisches Konzil,2.,1962-1965,Vatikanstadt,Decree on the media of social communications,Vatikanisches Konzil,2.,1962-1965,Vatikanstadt,Décret sur les moyens de communication sociale,Vatikanisches Konzil,2.,1962-1965,Vatikanstadt,Decreto sugli struenti di communicazione sociale , Römische Kurie,Kommission für die Instrumente der Sozialen Kommunikation,Commissione per la Cinematografia, la Radio e la Televisione,Pontificia Commissione per la Cinematografia, la Radio e la Televisione,Commissione per la Cinematografia,Pontificia Commissione per la Cinematografia,Commissione per la Cinematografia Didattica e Religiosa,Pontificia Commissione per la Cinematografia Didattica e Religiosa,Pontificio Consiglio delle Comunicazioni Sociali,Pontificia Commissione per le Comunicazioni Sociali,Commissione per le Comunicazioni Sociali,Pontificium Consilium Instrumentis Communicationis Socialis Praepositum,Consilium Instrumentis Communicationis Socialis Praepositum,Päpstliche Kommission für die Instrumente der Sozialen Kommunikation,Römische Kurie,Rat für die Sozialen Kommunikationsmittel,Consiglio delle Comunicazioni Sociali,Pontificium Consilium de Communicationibus Socialibus,Consilium de Communicationibus Socialibus,Kommission für die Instrumente der Sozialen Kommunikation,Rat für die Sozialen Kommunikationsmittel,Ecclesia Catholica,Päpstlicher Rat für die Sozialen Kommunikationsmittel,Ecclesia Catholica,Rat für die Sozialen Kommunikationsmittel,Ecclesia Catholica,Consilium de Communicationibus Socialibus,Ecclesia Catholica,Pontificium Consilium instrumentis communicationis socialis praepositum,Pontificium Consilium instrumentis communicationis socialis praepositum,Päpstliche Kommission für die Instrumente der sozialen Kommunikation , History,Geschichtliche Epoche,Historical development,Historische Entwicklung,Landesgeschichte,Regionalgeschichte,Ortsgeschichte,Zeitgeschichte
|